000 00862nam0a22002531 4500
001 rc\2883435
005 20260407044507.0
035 _a(NLR Aleph) 007036173
090 _a6052095
_c6052095
100 _a20110720d1931 |||y0rusy50 ca
101 0 _arus
102 _aRU
105 _ay z |||||
200 1 _aСборник приказов гарнизону города Москвы
210 _aМосква
_cБ. и.
_d1931
215 _d23 см
300 _aПеречень номеров см. в регистрационной карточке
300 _aВ библиотеке имеется это издание за 1931 год
710 0 2 _aМосковский военный округ
_3RU\NLR\AUTH\8810017115
_9532077
801 0 _aRU
_bNLR
_gpsbo
801 1 _aRU
_bELAR
_2rusmarc
852 _aNLR
_jП47/56
942 _cBOOK
980 _aNB